书目信息 |
| 题名: |
中国戏曲通史
|
|
| 作者: | 张庚 , 郭汉城 主编 | |
| 分册: | 中 | |
| 出版信息: | 北京 中国戏曲出版社 1981 |
|
| 页数: | 422页 | |
| 开本: | 20cm | |
| 丛书名: | ||
| 单 册: | ||
| 中图分类: | I207.309 | |
| 科图分类: | ||
| 主题词: | 古代戏曲--文学研究--中国 | |
| 电子资源: | ||
| ISBN: | ||
| 000 | 00603nam0 2200217 45 | |
| 001 | 0302200912 | |
| 005 | 20070730093834.50 | |
| 010 | @dCNY1.65 | |
| 091 | @a8069.56 | |
| 100 | @a20030220d1981 km y0chiy0120 ea | |
| 101 | 0 | @achi |
| 105 | @a z 000zy | |
| 200 | 1 | @a中国戏曲通史@AZhong Guo Xi Qu Tong Shi@h中@f张庚,郭汉城主编@FZhang Geng,Guo Han Cheng Zhu Bian |
| 210 | @a北京@c中国戏曲出版社@d1981 | |
| 215 | @a422页@d20cm | |
| 606 | 0 | @a古代戏曲@x文学研究@y中国 |
| 690 | @aI207.309@v3 | |
| 701 | 0 | @a张庚@4主编 |
| 701 | 0 | @a郭汉城@4主编 |
| 801 | @aCN@bTSTC@c20070730 | |
| 905 | @dI207.309@e11:2 | |
| 中国戏曲通史.中/张庚,郭汉城主编.-北京:中国戏曲出版社,1981 |
| 422页;20cm |
| ISBN :CNY1.65 |
| ● |
| 相关链接 |
|
|
|
|
正题名:中国戏曲通史
索取号:I207.309/11:2
 
预约/预借
| 序号 | 登录号 | 条形码 | 馆藏地/架位号 | 状态 | 备注 |
| 1 | 0467571 | 204675716 | 密集书库/ [索取号:I207.309/11:2] | 在馆 | |
| 2 | 0467572 | 204675725 | 密集书库/ [索取号:I207.309/11:2] | 在馆 | |
| 3 | 0474013 | 204740138 | 密集书库/ [索取号:I207.309/11:2] | 在馆 | |
| 4 | 0786924 | 207869243 | 密集书库/ [索取号:I207.309/11:2] | 在馆 |